[Event "La Pobla de Lillet op 33rd"]
[Site "La Pobla de Lillet"]
[Date "2024.08.06"]
[Round "5"]
[White "Vehi Bach, Victor Manuel"]
[Black "Touzane, Olivier"]
[Result "1/2-1/2"]
[WhiteElo "2183"]
[BlackElo "2114"]
[PlyCount "124"]
[EventDate "2024.08.02"]
[EventType "swiss"]
[EventRounds "9"]
[EventCountry "ESP"]
[SourceTitle "CBM 221 Extra"]
[Source "ChessBase"]
[SourceDate "2024.09.30"]
[SourceVersion "1"]
[SourceVersionDate "2024.09.30"]
[SourceQuality "1"]

1. e4 e6 2. d4 d5 3. Nc3 Nf6 4. Bg5 dxe4 5. Nxe4 Be7 6. Bxf6 gxf6 7. Nf3 a6 8. g3 f5 9. Ned2 b5 10. Bg2 Bb7 11. 0-0 Nd7 12. a4 c5 13. dxc5 bxa4 14. Rxa4 Nxc5 15. Rd4 Qc7 16. b4 Ne4 17. Nxe4 Bxe4 18. Ne1 Bxg2 19. Nxg2 Bf6 20. Rd3 Rc8 21. Ne3 f4 22. Qf3 Bg5 23. Ng2 fxg3 24. fxg3 Qa7+ 25. Kh1 Rxc2 26. h4 h6 27. Rc3 Rxc3 28. Qxc3 Rh7 29. Qc6+ Ke7 30. Rd1 Qf2 31. Qd6+ Kf6 32. Qd3 Kg7 33. Rf1 Qa7 34. Ra1 Rh8 35. Rxa6 Qf2 36. b5 Be7 37. Ra1 Rd8 38. Qe3 Qxe3 39. Nxe3 Rd3 40. Nc4 Rb3 41. Ra7 Kf6 42. b6 Bc5 43. Rc7 Bxb6 44. Rb7 Rxg3 45. Rxb6 Rh3+ 46. Kg2 Rxh4 47. Rc6 Rd4 48. Kf3 h5 49. Rc8 Rd3+ 50. Ne3 Kg7 51. Rc5 f5 52. Ke2 Rd4 53. Nxf5+ exf5 54. Rxf5 Kg6 55. Ra5 Rf4 56. Ke3 Rf8 57. Ra2 h4 58. Rf2 Ra8 59. Kf3 Kh5 60. Kg2 Kg4 61. Rb2 Ra4 62. Rc2 h3+ 1/2-1/2

[Event "La Pobla de Lillet op 33rd"]
[Site "La Pobla de Lillet"]
[Date "2024.08.03"]
[Round "2"]
[White "Gupta, Sara"]
[Black "Touzane, Olivier"]
[Result "0-1"]
[WhiteElo "1800"]
[BlackElo "2114"]
[PlyCount "44"]
[EventDate "2024.08.02"]
[EventType "swiss"]
[EventRounds "9"]
[EventCountry "ESP"]
[SourceTitle "CBM 221 Extra"]
[Source "ChessBase"]
[SourceDate "2024.09.30"]
[SourceVersion "1"]
[SourceVersionDate "2024.09.30"]
[SourceQuality "1"]

1. e4 e6 2. b3 b6 3. Bb2 Bb7 4. e5 d6 5. d4 dxe5 6. dxe5 Qxd1+ 7. Kxd1 Nh6 8. f3 Nc6 9. Bb5 0-0-0+ 10. Ke2 Nf5 11. Bxc6 Bxc6 12. Nh3 Bc5 13. c3 Rd5 14. c4 Rd7 15. Na3 Rhd8 16. Rhd1 Nd4+ 17. Kf1 Bxa3 18. Rxd4 Bxb2 19. Rxd7 Bxa1 20. Rxf7 Bxe5 21. Ng5 Rd1+ 22. Ke2 Rg1 0-1

[Event "Tamil Nadu IM 20th"]
[Site "Coimbatore"]
[Date "2024.03.01"]
[Round "6"]
[White "Touzane, Olivier"]
[Black "Gochelashvili, David"]
[Result "1/2-1/2"]
[WhiteElo "2084"]
[BlackElo "2225"]
[PlyCount "60"]
[EventDate "2024.02.27"]
[EventType "tourn"]
[EventRounds "9"]
[EventCountry "IND"]
[SourceTitle "CBM 219 Extra"]
[Source "ChessBase"]
[SourceDate "2024.05.31"]
[SourceVersion "1"]
[SourceVersionDate "2024.05.31"]
[SourceQuality "1"]

1. d4 Nf6 2. Nf3 g6 3. g3 Bg7 4. Bg2 0-0 5. 0-0 d6 6. a4 Nc6 7. a5 a6 8. d5 Na7 9. c4 e6 10. Nc3 exd5 11. cxd5 c5 12. dxc6 bxc6 13. Na4 Nb5 14. Nd4 Nxd4 15. Qxd4 Nd5 16. Qc4 Be6 17. Qxc6 Qxa5 18. Qxd6 Rac8 19. Bg5 Qb5 20. Bxd5 Bxd5 21. Nc3 Bxc3 22. bxc3 Rfe8 23. Qxa6 Qxa6 24. Rxa6 Rxc3 25. Rd6 Bc4 26. Rc6 Rc2 27. Re1 Rcxe2 28. Rxe2 Bxe2 29. Rd6 Bf3 30. Rd8 Rxd8 1/2-1/2

[Event "Tamil Nadu IM 20th"]
[Site "Coimbatore"]
[Date "2024.02.29"]
[Round "4"]
[White "Touzane, Olivier"]
[Black "Sitnikov, Anton"]
[Result "0-1"]
[WhiteElo "2084"]
[BlackElo "2362"]
[PlyCount "72"]
[EventDate "2024.02.27"]
[EventType "tourn"]
[EventRounds "9"]
[EventCountry "IND"]
[SourceTitle "CBM 219 Extra"]
[Source "ChessBase"]
[SourceDate "2024.05.31"]
[SourceVersion "1"]
[SourceVersionDate "2024.05.31"]
[SourceQuality "1"]

1. b3 b6 2. Bb2 Bb7 3. Nf3 e6 4. g3 f5 5. Bg2 Nf6 6. 0-0 g6 7. d3 Bg7 8. Nbd2 Qe7 9. a4 a5 10. Re1 Nc6 11. Nd4 Nd5 12. e4 fxe4 13. dxe4 Nc3 14. Bxc3 Bxd4 15. Bxd4 Nxd4 16. e5 Bxg2 17. Kxg2 Qc5 18. c3 Nf5 19. Nc4 0-0-0 20. Qe2 Rdf8 21. Ra2 h5 22. h3 h4 23. g4 Ne7 24. Qe4 Nd5 25. Ne3 Rf4 26. Qd3 Rxg4+ 27. Kh2 Rf4 28. Nxd5 Rxf2+ 29. Kh1 Rxa2 30. Ne3 Qxe5 31. Nc2 Qf5 32. Qxf5 gxf5 33. Nd4 Rg8 34. Re3 Rg3 35. Rxg3 hxg3 36. Nf3 Rf2 0-1

[Event "Tamil Nadu IM 19th"]
[Site "Tiruppur"]
[Date "2024.02.23"]
[Round "6"]
[White "Kushagra, Mohan"]
[Black "Touzane, Olivier"]
[Result "1/2-1/2"]
[WhiteElo "2360"]
[BlackElo "2084"]
[PlyCount "100"]
[EventDate "2024.02.20"]
[EventType "tourn"]
[EventRounds "9"]
[EventCountry "IND"]
[SourceTitle "CBM 218 Extra"]
[Source "ChessBase"]
[SourceDate "2024.03.31"]
[SourceVersion "1"]
[SourceVersionDate "2024.03.31"]
[SourceQuality "1"]

1. e4 e6 2. d4 d5 3. Nd2 c5 4. exd5 Qxd5 5. Ngf3 cxd4 6. Bc4 Qd6 7. 0-0 Nf6 8. Nb3 Nc6 9. Nbxd4 Nxd4 10. Nxd4 a6 11. Re1 Bd7 12. c3 Qc7 13. Bf1 Bd6 14. g3 0-0-0 15. Qf3 Kb8 16. Bg5 e5 17. Bxf6 gxf6 18. Nf5 h5 19. Nxd6 Qxd6 20. Rad1 Qb6 21. Qe3 Qxe3 22. Rxe3 Bg4 23. Rxd8+ Rxd8 24. Rd3 Rh8 25. h4 Kc7 26. Bg2 Be6 27. c4 b6 28. Rf3 Rh6 29. Ra3 a5 30. c5 Rh8 31. b4 bxc5 32. bxc5 Rb8 33. Rxa5 Rb1+ 34. Kh2 Rb2 35. a4 Rxf2 36. Kg1 Rc2 37. Bf3 Rc1+ 38. Kf2 Rc2+ 39. Ke1 Rc3 40. Ke2 Bc4+ 41. Kf2 Rc2+ 42. Ke1 e4 43. Ra7+ Kd8 44. Ra8+ Ke7 45. Ra7+ Kf8 46. Ra8+ Ke7 47. Ra7+ Ke8 48. Ra8+ Ke7 49. Ra7+ Ke8 50. Ra8+ Ke7 1/2-1/2

[Event "Tamil Nadu IM 19th"]
[Site "Tiruppur"]
[Date "2024.02.22"]
[Round "4"]
[White "Dere, Pushkar"]
[Black "Touzane, Olivier"]
[Result "1-0"]
[WhiteElo "2223"]
[BlackElo "2084"]
[PlyCount "81"]
[EventDate "2024.02.20"]
[EventType "tourn"]
[EventRounds "9"]
[EventCountry "IND"]
[SourceTitle "CBM 218 Extra"]
[Source "ChessBase"]
[SourceDate "2024.03.31"]
[SourceVersion "1"]
[SourceVersionDate "2024.03.31"]
[SourceQuality "1"]

1. e4 g6 2. d4 Bg7 3. Nc3 d6 4. Be3 a6 5. h4 h5 6. a4 a5 7. Bc4 Nc6 8. Qd2 Nf6 9. Nf3 e6 10. Bg5 Nb4 11. 0-0-0 Qd7 12. e5 Ng4 13. exd6 Qxd6 14. Ne4 Qb6 15. Bb5+ c6 16. Nd6+ Kf8 17. Bc4 Qc7 18. Bf4 b5 19. Nxb5 Qb6 20. Bc7 Qa6 21. Qf4 cxb5 22. Ng5 Bf6 23. axb5 Qb7 24. f3 Kg7 25. fxg4 Qxg2 26. Rh2 Qxg4 27. Qe3 Rf8 28. Rf2 Nd5 29. Bxd5 Bxg5 30. hxg5 exd5 31. Bd6 Bf5 32. Qe5+ Kg8 33. Bxf8 Qxg5+ 34. Kb1 Rxf8 35. b6 Qg4 36. Rdf1 Bc8 37. Rxf7 Rxf7 38. Qe8+ Kg7 39. Rxf7+ Kh6 40. Qf8+ Kg5 41. Qe7+ 1-0

[Event "Tamil Nadu IM 19th"]
[Site "Tiruppur"]
[Date "2024.02.20"]
[Round "2"]
[White "Gochelashvili, David"]
[Black "Touzane, Olivier"]
[Result "0-1"]
[WhiteElo "2225"]
[BlackElo "2084"]
[PlyCount "78"]
[EventDate "2024.02.20"]
[EventType "tourn"]
[EventRounds "9"]
[EventCountry "IND"]
[SourceTitle "CBM 218 Extra"]
[Source "ChessBase"]
[SourceDate "2024.03.31"]
[SourceVersion "1"]
[SourceVersionDate "2024.03.31"]
[SourceQuality "1"]

1. e4 c5 2. Nf3 d6 3. c3 Nf6 4. Bd3 g6 5. h3 Bg7 6. 0-0 0-0 7. Bc2 Nc6 8. d3 Bd7 9. Nbd2 Rc8 10. a3 Qc7 11. Re1 b5 12. Nf1 h6 13. Be3 e5 14. Rc1 Qb7 15. Qd2 Kh7 16. b4 cxb4 17. axb4 Rfe8 18. Ra1 d5 19. Bc5 a5 20. bxa5 Nxa5 21. Bd6 Nc6 22. exd5 Nxd5 23. Bb3 Be6 24. Nxe5 Nxc3 25. Nxc6 Qxc6 26. Bxe6 Rxe6 27. Rxe6 fxe6 28. Bb4 Ne2+ 29. Qxe2 Bxa1 30. h4 Qd5 31. h5 gxh5 32. Ng3 Rc1+ 33. Kh2 Be5 34. Qe3 Rc2 35. Bd2 Rxd2 36. Qxd2 h4 37. f4 hxg3+ 38. Kxg3 Bd6 39. Kh4 Qf5 0-1

[Event "Tamil Nadu IM 18th"]
[Site "Pollachi"]
[Date "2024.02.17"]
[Round "8"]
[White "Sitnikov, Anton"]
[Black "Touzane, Olivier"]
[Result "1/2-1/2"]
[WhiteElo "2362"]
[BlackElo "2084"]
[PlyCount "170"]
[EventDate "2024.02.13"]
[EventType "tourn"]
[EventRounds "9"]
[EventCountry "IND"]
[SourceTitle "CBM 218 Extra"]
[Source "ChessBase"]
[SourceDate "2024.03.31"]
[SourceVersion "1"]
[SourceVersionDate "2024.03.31"]
[SourceQuality "1"]

1. d4 g6 2. c3 Bg7 3. Bg5 c5 4. e3 Qb6 5. Qb3 d5 6. Nd2 Nc6 7. Ngf3 c4 8. Qa3 f6 9. Bh4 h5 10. Bg3 Bf8 11. 0-0-0 e5 12. Qa4 e4 13. Nh4 Nge7 14. f3 f5 15. fxe4 fxe4 16. Bxc4 Bd7 17. Qc2 g5 18. Ng6 Nxd4 19. cxd4 Qxg6 20. Nxe4 dxe4 21. Kb1 Rc8 22. Qb3 b5 23. Be2 a6 24. Be5 Rh7 25. Rhf1 Qe6 26. Qa3 Nd5 27. Qb3 Nb4 28. Rxf8+ Kxf8 29. Qxb4+ Kg8 30. Rf1 Rf7 31. Rxf7 Qxf7 32. Qe1 Be6 33. a3 Ba2+ 34. Ka1 Bb3 35. d5 Rc5 36. Bc3 Rxd5 37. Bd4 Rf5 38. Kb1 Qc7 39. Bc3 Qxh2 40. Bd1 Bf7 41. g4 Rf2 42. Be5 Qxe5 43. Qxf2 h4 44. Qg2 Bd5 45. Kc1 Kg7 46. Bc2 Kf6 47. Qf2+ Ke7 48. Qf1 Qg3 49. Kd2 Qxg4 50. Bd1 Qe6 51. Qg2 Qe5 52. Ke1 Be6 53. Bc2 Bd5 54. Qg4 Kf6 55. Bd1 Be6 56. Qh5 Qg3+ 57. Kd2 Qd6+ 58. Ke1 Qf8 59. Qh7 Bf5 60. Qc7 Qe7 61. Qb6+ Kg7 62. Qxa6 h3 63. Kf1 Qe5 64. Qa7+ Kh6 65. Qf7 Bg6 66. Qf8+ Kh7 67. Bb3 Qf5+ 68. Qxf5 Bxf5 69. Kf2 Kg6 70. Bd5 Bd7 71. Bxe4+ Kf6 72. Kg3 Ke5 73. Bd3 g4 74. Kh2 Kd5 75. Kg3 Kc5 76. Kh2 b4 77. axb4+ Kxb4 78. Bc2 Ba4 79. Bd3 Bd1 80. Bf1 Bf3 81. Kg3 Bc6 82. Bxh3 gxh3 83. Kxh3 Kb3 84. e4 Bxe4 85. Kg3 Kxb2 1/2-1/2

[Event "Tamil Nadu IM 18th"]
[Site "Pollachi"]
[Date "2024.02.15"]
[Round "4"]
[White "Touzane, Olivier"]
[Black "Aakash, G2."]
[Result "1-0"]
[WhiteElo "2084"]
[BlackElo "2117"]
[PlyCount "101"]
[EventDate "2024.02.13"]
[EventType "tourn"]
[EventRounds "9"]
[EventCountry "IND"]
[SourceTitle "CBM 218 Extra"]
[Source "ChessBase"]
[SourceDate "2024.03.31"]
[SourceVersion "1"]
[SourceVersionDate "2024.03.31"]
[SourceQuality "1"]

1. Nf3 d5 2. c4 d4 3. g3 c5 4. b4 cxb4 5. a3 Nc6 6. axb4 Nxb4 7. Bg2 Nc6 8. 0-0 e5 9. d3 Nf6 10. Nbd2 Bd6 11. Qa4 0-0 12. Ba3 h6 13. Rfb1 Re8 14. Ne1 Bc7 15. Nb3 Nd7 16. Bxc6 bxc6 17. Qxc6 Rb8 18. Bd6 Bxd6 19. Qxd6 Re6 20. Qa3 Ra6 21. Qc1 Rab6 22. Nd2 Nc5 23. Qa3 Qc7 24. Rb5 Ra6 25. Ra5 Rbb6 26. Qxc5 Qxc5 27. Rxc5 Rxa1 28. Rxc8+ Kh7 29. Kf1 Rb2 30. Ndf3 a5 31. Ra8 a4 32. c5 a3 33. Nxe5 a2 34. Nc4 Rxe1+ 35. Kxe1 Rb1+ 36. Kd2 a1Q 37. Rxa1 Rxa1 38. e3 Ra2+ 39. Kd1 Kg6 40. c6 dxe3 41. fxe3 Ra7 42. d4 Kf6 43. d5 Ra4 44. Nb6 Ra1+ 45. Kc2 Ra5 46. Kd3 Ra7 47. Kd4 Rc7 48. e4 Ke7 49. Kc5 Kd8 50. d6 Ra7 51. c7+ 1-0

[Event "Tamil Nadu IM 18th"]
[Site "Pollachi"]
[Date "2024.02.13"]
[Round "1"]
[White "Gochelashvili, David"]
[Black "Touzane, Olivier"]
[Result "1/2-1/2"]
[WhiteElo "2225"]
[BlackElo "2084"]
[PlyCount "42"]
[EventDate "2024.02.13"]
[EventType "tourn"]
[EventRounds "9"]
[EventCountry "IND"]
[SourceTitle "CBM 218 Extra"]
[Source "ChessBase"]
[SourceDate "2024.03.31"]
[SourceVersion "1"]
[SourceVersionDate "2024.03.31"]
[SourceQuality "1"]

1. e4 e6 2. d4 d5 3. Nc3 Nf6 4. Bg5 dxe4 5. Nxe4 Be7 6. Bxf6 Bxf6 7. Nf3 Nd7 8. Qd2 0-0 9. 0-0-0 Be7 10. Bc4 Rb8 11. Bb3 c5 12. dxc5 Qc7 13. h4 b5 14. cxb6 Nxb6 15. h5 h6 16. Qc3 Qf4+ 17. Qe3 Qc7 18. Qc3 Qf4+ 19. Qe3 Qc7 20. Qc3 Qf4+ 21. Qe3 Qc7 1/2-1/2

[Event "Tamil Nadu IM 17th"]
[Site "Karaikudi"]
[Date "2024.02.10"]
[Round "7"]
[White "Lokesh, N1."]
[Black "Touzane, Olivier"]
[Result "1-0"]
[WhiteElo "2217"]
[BlackElo "2084"]
[PlyCount "145"]
[EventDate "2024.02.06"]
[EventType "tourn"]
[EventRounds "9"]
[EventCountry "IND"]
[SourceTitle "CBM 218 Extra"]
[Source "ChessBase"]
[SourceDate "2024.03.31"]
[SourceVersion "1"]
[SourceVersionDate "2024.03.31"]
[SourceQuality "1"]

1. e4 c5 2. Nf3 d6 3. d4 cxd4 4. Nxd4 Nf6 5. Nc3 a6 6. Be2 e5 7. Nf3 h6 8. a4 Be6 9. Nd2 d5 10. exd5 Nxd5 11. Nxd5 Bxd5 12. 0-0 Nc6 13. Nc4 Bc5 14. c3 a5 15. Be3 Bxe3 16. Nxe3 Be6 17. Bb5 0-0 18. Qf3 Rc8 19. Rfe1 Qg5 20. Rad1 f5 21. Nd5 f4 22. h3 Bf5 23. Bd3 Bxd3 24. Rxd3 Rce8 25. Qe4 Nd8 26. Nc7 Re7 27. Qc4+ Kh7 28. Rxd8 Rxd8 29. Ne6 Rxe6 30. Qxe6 f3 31. Qg4 Qxg4 32. hxg4 Rd5 33. gxf3 b5 34. axb5 Rxb5 35. Re2 Kg6 36. Kg2 Kf6 37. Rd2 Ke6 38. Kf1 g6 39. c4 Rb4 40. c5 Rd4 41. Rc2 Rd7 42. c6 Rc7 43. Rc5 a4 44. Rc4 Kd5 45. Rxa4 Rxc6 46. f4 e4 47. Kg2 Rb6 48. Ra5+ Kd4 49. Ra4+ Kd5 50. b4 Rf6 51. Kg3 Rb6 52. Ra5+ Kd4 53. b5 Kc5 54. g5 hxg5 55. fxg5 Rb8 56. Ra6 Rg8 57. Re6 Kxb5 58. Rxe4 Kc5 59. Re6 Kd5 60. Rf6 Ke5 61. f4+ Ke4 62. Kg4 Rg7 63. f5 gxf5+ 64. Rxf5 Rg8 65. Rf1 Ke5 66. Kh5 Ra8 67. g6 Ra2 68. g7 Rg2 69. Kh6 Ke6 70. Kh7 Rh2+ 71. Kg8 Ra2 72. Rh1 Kf6 73. Kh8 1-0

[Event "Tamil Nadu IM 15th"]
[Site "Chennai"]
[Date "2024.01.27"]
[Round "7"]
[White "Touzane, Olivier"]
[Black "Manik, Mikulas"]
[Result "0-1"]
[WhiteElo "2242"]
[BlackElo "2342"]
[PlyCount "90"]
[EventDate "2024.01.23"]
[EventType "tourn"]
[EventRounds "9"]
[EventCountry "IND"]
[EventCategory "1"]
[SourceTitle "CBM 218 Extra"]
[Source "ChessBase"]
[SourceDate "2024.03.31"]
[SourceVersion "1"]
[SourceVersionDate "2024.03.31"]
[SourceQuality "1"]

1. b3 d5 2. Bb2 Nf6 3. Nf3 Bg4 4. Ne5 Bh5 5. h3 Nbd7 6. Nd3 e6 7. Nf4 Bg6 8. Nxg6 hxg6 9. g3 Bd6 10. Bg2 Qe7 11. d3 0-0-0 12. a3 e5 13. e3 Kb8 14. Nd2 c6 15. b4 Nb6 16. Ra2 Qe6 17. Qb1 e4 18. Bd4 exd3 19. cxd3 Nh5 20. Nb3 f5 21. Nc5 Qe7 22. Kd2 Rhe8 23. Rc1 Be5 24. Bxe5+ Qxe5 25. d4 Nc4+ 26. Kd3 Qd6 27. b5 Rxe3+ 28. fxe3 Qxg3 29. Rxc4 dxc4+ 30. Kxc4 Qxe3 31. Qd3 Rxd4+ 32. Qxd4 cxb5+ 33. Kxb5 Qxd4 34. Bxb7 Nf6 35. Rc2 Qd6 36. Bc6 Kc8 37. Rc4 Qe5 38. Ka6 Qe3 39. a4 f4 40. Kxa7 Kc7 41. Bb5 Ne4 42. a5 Nxc5 43. a6 f3 44. Ka8 f2 45. a7 Qf3+ 0-1

[Event "Tamil Nadu IM 15th"]
[Site "Chennai"]
[Date "2024.01.24"]
[Round "3"]
[White "Touzane, Olivier"]
[Black "Murugan, Krishnamoorthy"]
[Result "1/2-1/2"]
[WhiteElo "2242"]
[BlackElo "2238"]
[PlyCount "110"]
[EventDate "2024.01.23"]
[EventType "tourn"]
[EventRounds "9"]
[EventCountry "IND"]
[EventCategory "1"]
[SourceTitle "CBM 218 Extra"]
[Source "ChessBase"]
[SourceDate "2024.03.31"]
[SourceVersion "1"]
[SourceVersionDate "2024.03.31"]
[SourceQuality "1"]

1. g3 d5 2. Bg2 Nf6 3. Nf3 g6 4. c4 c6 5. b3 Bg7 6. Bb2 0-0 7. 0-0 Bg4 8. d3 Bxf3 9. Bxf3 Nbd7 10. cxd5 Nxd5 11. d4 e5 12. e4 Nc7 13. d5 cxd5 14. exd5 Nb5 15. Na3 Nxa3 16. Bxa3 Re8 17. Bg4 f5 18. Be2 Qa5 19. Bc1 e4 20. Bd2 Bc3 21. Bf4 Be5 22. Bh6 Rad8 23. d6 Nb6 24. b4 Qxb4 25. Rb1 Qxd6 26. Qe1 Qa3 27. Rb5 Bc3 28. Qb1 Bd2 29. Rb3 Qe7 30. Rxb6 Bxh6 31. Bc4+ Kh8 32. Rxb7 Qc5 33. Qb2+ Qd4 34. Qa3 Bf8 35. Qa6 Re7 36. Bb3 Rxb7 37. Qxb7 Bc5 38. Qc6 Kg7 39. Qe6 Qf6 40. Qc4 Bb6 41. Qe2 Qc3 42. Rd1 Rxd1+ 43. Bxd1 Qd4 44. h4 h5 45. Bb3 Kf6 46. Kg2 g5 47. hxg5+ Kxg5 48. Bf7 Kf6 49. Bxh5 Qd3 50. Qb2+ Qd4 51. Qc2 Kg5 52. Bd1 Kf6 53. Qc6+ Ke7 54. Qc2 Kf6 55. Qc6+ Ke7 1/2-1/2

[Event "Tamil Nadu IM 13th"]
[Site "Chennai"]
[Date "2024.01.18"]
[Round "4"]
[White "Prasannaa, S."]
[Black "Touzane, Olivier"]
[Result "1-0"]
[WhiteElo "2213"]
[BlackElo "2242"]
[PlyCount "61"]
[EventDate "2024.01.16"]
[EventType "tourn"]
[EventRounds "9"]
[EventCountry "IND"]
[SourceTitle "CBM 218 Extra"]
[Source "ChessBase"]
[SourceDate "2024.03.31"]
[SourceVersion "1"]
[SourceVersionDate "2024.03.31"]
[SourceQuality "1"]

1. e4 e6 2. d4 d5 3. e5 c5 4. c3 Nc6 5. Nf3 Qb6 6. Be2 Nh6 7. Bxh6 gxh6 8. Qd2 Bg7 9. 0-0 0-0 10. Na3 cxd4 11. cxd4 f6 12. exf6 Rxf6 13. Nc2 Bd7 14. b4 a6 15. a4 Rxf3 16. Bxf3 Nxd4 17. Nxd4 Qxd4 18. Qe2 Qb6 19. Rab1 Bxa4 20. Bg4 e5 21. Qa2 Qg6 22. Qxd5+ Kh8 23. Qxb7 Bc6 24. Qb6 Rf8 25. Rbc1 Bb5 26. Qxg6 hxg6 27. Rfe1 Rf4 28. Be2 Ba4 29. Rc4 Rf6 30. Rc8+ Kh7 31. Ra1 1-0

[Event "Tamil Nadu IM 12th"]
[Site "Chennai"]
[Date "2024.01.13"]
[Round "8"]
[White "Buscara, Sevan"]
[Black "Touzane, Olivier"]
[Result "1-0"]
[WhiteElo "2359"]
[BlackElo "2242"]
[PlyCount "71"]
[EventDate "2024.01.09"]
[EventType "tourn"]
[EventRounds "9"]
[EventCountry "IND"]
[SourceTitle "CBM 218 Extra"]
[Source "ChessBase"]
[SourceDate "2024.03.31"]
[SourceVersion "1"]
[SourceVersionDate "2024.03.31"]
[SourceQuality "1"]

1. e4 g6 2. d4 Bg7 3. Nf3 d6 4. Bc4 Nf6 5. Qe2 0-0 6. e5 dxe5 7. dxe5 Nd5 8. h3 c6 9. 0-0 Qc7 10. Re1 Rd8 11. a4 a5 12. Nbd2 Na6 13. Nb3 Be6 14. Ng5 Bf5 15. Bxa6 bxa6 16. Nd4 Qc8 17. Nxf5 Qxf5 18. e6 f6 19. Nf7 Nb4 20. Nxd8 Rxd8 21. Rd1 Rxd1+ 22. Qxd1 Qxe6 23. Bd2 f5 24. Bc3 Bxc3 25. bxc3 Nd5 26. Qd2 Qf6 27. Re1 Nxc3 28. Qd8+ Kf7 29. Qxa5 Qd4 30. Qxa6 Ne4 31. Qe2 Qxa4 32. f3 Qa7+ 33. Qe3 Qxe3+ 34. Rxe3 Ng3 35. Kf2 f4 36. Rc3 1-0

[Event "Tamil Nadu IM 12th"]
[Site "Chennai"]
[Date "2024.01.11"]
[Round "4"]
[White "Mamombe, Kudzanai"]
[Black "Touzane, Olivier"]
[Result "0-1"]
[WhiteElo "1797"]
[BlackElo "2242"]
[PlyCount "101"]
[EventDate "2024.01.09"]
[EventType "tourn"]
[EventRounds "9"]
[EventCountry "IND"]
[SourceTitle "CBM 218 Extra"]
[Source "ChessBase"]
[SourceDate "2024.03.31"]
[SourceVersion "1"]
[SourceVersionDate "2024.03.31"]
[SourceQuality "1"]

1. Nf3 c5 2. g3 Nc6 3. Bg2 g6 4. 0-0 Bg7 5. d3 e6 6. e4 Nge7 7. c3 d5 8. Nbd2 b6 9. Re1 Ba6 10. Nf1 dxe4 11. dxe4 Qc7 12. Bf4 e5 13. Bg5 Rd8 14. Qa4 Bd3 15. Bxe7 Kxe7 16. Rad1 b5 17. Qa3 Na5 18. b3 Rd6 19. Qc1 Rhd8 20. h4 f6 21. N3h2 c4 22. b4 Nc6 23. Ne3 Kf7 24. Rd2 a5 25. a3 Qa7 26. Qb2 axb4 27. axb4 Ra8 28. Red1 h5 29. Bf1 Bh6 30. Bxd3 cxd3 31. Rxd3 Rxd3 32. Rxd3 Bxe3 33. Rxe3 Qd7 34. Nf1 Nd8 35. Qe2 Nb7 36. Rd3 Nd6 37. Qd2 Ke6 38. Ne3 Qc6 39. f3 f5 40. exf5+ gxf5 41. Nd5 f4 42. gxf4 Rg8+ 43. Kh2 Nc4 44. f5+ Kf7 45. Qf2 Qa8 46. Ne3 Qa7 47. Ng4 Qxf2+ 48. Nxf2 Kf6 49. Rd5 Ne3 50. Ne4+ Kxf5 51. Ng5 0-1

[Event "Tamil Nadu IM 12th"]
[Site "Chennai"]
[Date "2024.01.11"]
[Round "5"]
[White "Touzane, Olivier"]
[Black "Prasannaa, S."]
[Result "0-1"]
[WhiteElo "2242"]
[BlackElo "2213"]
[PlyCount "58"]
[EventDate "2024.01.09"]
[EventType "tourn"]
[EventRounds "9"]
[EventCountry "IND"]
[SourceTitle "CBM 218 Extra"]
[Source "ChessBase"]
[SourceDate "2024.03.31"]
[SourceVersion "1"]
[SourceVersionDate "2024.03.31"]
[SourceQuality "1"]

1. d4 Nf6 2. c4 g6 3. Nc3 Bg7 4. e4 d6 5. Be2 0-0 6. g4 c5 7. d5 e6 8. g5 Ne8 9. h4 exd5 10. cxd5 f5 11. gxf6 Nxf6 12. h5 Qe8 13. h6 Bh8 14. Rh4 Na6 15. Nf3 Ng4 16. Qb3 c4 17. Qxc4 Bd7 18. Nb5 Rxf3 19. Rxg4 Bxg4 20. Nxd6 Qd7 21. Bxf3 Bxf3 22. Bf4 b5 23. Qd3 Qg4 24. Bg3 Nc5 25. Qxb5 Nxe4 26. Qb7 Rf8 27. Nxe4 Qxe4+ 28. Kf1 Bg2+ 29. Kg1 Bh3 0-1

[Event "Tamil Nadu IM 12th"]
[Site "Chennai"]
[Date "2024.01.09"]
[Round "2"]
[White "Gochelashvili, David"]
[Black "Touzane, Olivier"]
[Result "1/2-1/2"]
[WhiteElo "2287"]
[BlackElo "2242"]
[PlyCount "24"]
[EventDate "2024.01.09"]
[EventType "tourn"]
[EventRounds "9"]
[EventCountry "IND"]
[SourceTitle "CBM 218 Extra"]
[Source "ChessBase"]
[SourceDate "2024.03.31"]
[SourceVersion "1"]
[SourceVersionDate "2024.03.31"]
[SourceQuality "1"]

1. d4 Nf6 2. Nf3 e6 3. g3 Be7 4. Bg2 d5 5. c4 0-0 6. 0-0 c6 7. Qc2 Nbd7 8. Rd1 b6 9. Bf4 Nh5 10. Bc1 Nhf6 11. Bf4 Nh5 12. Bc1 Nhf6 1/2-1/2

[Event "Tamil Nadu IM 12th"]
[Site "Chennai"]
[Date "2024.01.09"]
[Round "1"]
[White "Touzane, Olivier"]
[Black "Tologontegin, Semetey"]
[Result "0-1"]
[WhiteElo "2242"]
[BlackElo "2384"]
[PlyCount "112"]
[EventDate "2024.01.09"]
[EventType "tourn"]
[EventRounds "9"]
[EventCountry "IND"]
[SourceTitle "CBM 218 Extra"]
[Source "ChessBase"]
[SourceDate "2024.03.31"]
[SourceVersion "1"]
[SourceVersionDate "2024.03.31"]
[SourceQuality "1"]

1. Nf3 c5 2. g3 Nc6 3. Bg2 g6 4. c4 Bg7 5. Nc3 d6 6. d3 e6 7. 0-0 Nge7 8. Bd2 b6 9. Rb1 Bb7 10. e3 0-0 11. a3 d5 12. Qe2 dxc4 13. dxc4 a6 14. Rfd1 Qc7 15. h4 h6 16. Na4 Rfd8 17. Bc3 e5 18. Qc2 Rab8 19. Ne1 Bc8 20. Rxd8+ Nxd8 21. Rd1 Bg4 22. f3 Bf5 23. Qd2 Nb7 24. b3 Rd8 25. Qc1 Bd7 26. Nb2 h5 27. e4 Nc6 28. Nc2 Nd4 29. Nxd4 exd4 30. Be1 f5 31. Nd3 fxe4 32. fxe4 Bg4 33. Rd2 Bh6 34. e5 Na5 35. Qc2 Bf5 36. Rf2 Be3 37. Bd5+ Kg7 38. Kh2 Bxf2 39. Qxf2 Rf8 40. Nf4 Qxe5 41. Bxa5 bxa5 42. Qd2 Qc7 43. Be6 Qe7 44. Bd5 Qc7 45. Be6 Kh7 46. Qg2 Qe7 47. Qd5 Rd8 48. Bxf5 Rxd5 49. Bxg6+ Kh6 50. cxd5 a4 51. bxa4 c4 52. Bxh5 d3 53. Bf3 d2 54. Kg2 c3 55. Bd1 Qe4+ 56. Kf2 Qe1+ 0-1

[Event "Merida World Heritage op 3rd"]
[Site "Merida"]
[Date "2023.08.02"]
[Round "5"]
[White "Khennous, Fares"]
[Black "Touzane, Olivier"]
[Result "0-1"]
[WhiteElo "2035"]
[BlackElo "2249"]
[PlyCount "120"]
[EventDate "2023.07.31"]
[EventType "swiss"]
[EventRounds "9"]
[EventCountry "ESP"]
[SourceTitle "CBM 215 Extra"]
[Source "ChessBase"]
[SourceDate "2023.09.30"]
[SourceVersion "1"]
[SourceVersionDate "2023.09.30"]
[SourceQuality "1"]

1. e4 c5 2. Nf3 d6 3. Bc4 Nf6 4. d3 e6 5. 0-0 Nc6 6. c3 Be7 7. Bb3 0-0 8. Nbd2 b6 9. Re1 Ba6 10. Nf1 Rc8 11. Ng3 Qc7 12. h3 Rfd8 13. Bc2 Nd7 14. Nh2 Nde5 15. f4 Bh4 16. Nhf1 Ng6 17. f5 Nge5 18. Bf4 Qe7 19. Rc1 Bg5 20. Be3 Bxe3+ 21. Nxe3 Qg5 22. Kh2 d5 23. exd5 exd5 24. d4 cxd4 25. cxd4 Nc4 26. Nxc4 dxc4 27. d5 h5 28. Nxh5 Nb4 29. Re4 Rxd5 30. Qg4 Qh6 31. Bb1 Rcd8 32. Rce1 Nd3 33. Re8+ Kh7 34. Rxd8 Rxd8 35. Re7 Kg8 36. Rxa7 Bb5 37. a4 Be8 38. Qxc4 Qd6+ 39. Ng3 Nxb2 40. Qb3 Nd1 41. Ba2 Qf6 42. Qf3 Qe5 43. Ra8 Rxa8 44. Qxa8 Ne3 45. Qf3 Bxa4 46. f6 gxf6 47. Bb1 Bb5 48. Kg1 Bc4 49. Nh5 f5 50. Nf4 Qc5 51. Qf2 Be6 52. Bd3 Kf8 53. Kh1 Nd1 54. Qh4 Ke8 55. Be2 Nc3 56. Bf3 Qe5 57. Nd3 Qg7 58. Qb4 b5 59. Qd6 Ne4 60. Bxe4 fxe4 0-1